Bailliere's Nurses' Dictionary : (Record no. 13575)
[ view plain ]
| 000 -LEADER | |
|---|---|
| fixed length control field | 02017cam a22003738a 4500 |
| 001 - CONTROL NUMBER | |
| control field | 15821541 |
| 005 - DATE AND TIME OF LATEST TRANSACTION | |
| control field | 20100222074221.0 |
| 008 - FIXED-LENGTH DATA ELEMENTS--GENERAL INFORMATION | |
| fixed length control field | 090715s2009 stk |rbd 001 0 eng |
| 010 ## - LIBRARY OF CONGRESS CONTROL NUMBER | |
| LC control number | 2009029261 |
| 020 ## - INTERNATIONAL STANDARD BOOK NUMBER | |
| International Standard Book Number | 9780702032332 (main ed. : alk. paper) |
| 035 ## - SYSTEM CONTROL NUMBER | |
| System control number | (DNLM)101510883 |
| 040 ## - CATALOGING SOURCE | |
| Original cataloging agency | DNLM/DLC |
| Transcribing agency | DLC |
| 042 ## - AUTHENTICATION CODE | |
| Authentication code | pcc |
| 050 00 - LIBRARY OF CONGRESS CALL NUMBER | |
| Classification number | RT21 |
| Item number | .B355 2010 |
| 060 10 - NATIONAL LIBRARY OF MEDICINE CALL NUMBER | |
| Classification number | W 13 |
| Item number | B157 2010 |
| 082 00 - DEWEY DECIMAL CLASSIFICATION NUMBER | |
| Classification number | 610.7303 |
| Edition number | 22 |
| Item number | NUR |
| 245 00 - TITLE STATEMENT | |
| Title | Bailliere's Nurses' Dictionary : |
| Remainder of title | for nurses and health care workers/ |
| Statement of responsibility, etc | Edited by Barbara F. Weller; foreword by Robert J. Pratt. |
| 246 30 - VARYING FORM OF TITLE | |
| Title proper/short title | Nurses' dictionary |
| 250 ## - EDITION STATEMENT | |
| Edition statement | 25th ed. |
| 260 ## - PUBLICATION, DISTRIBUTION, ETC. (IMPRINT) | |
| Place of publication, distribution, etc | Edinburgh ; |
| -- | New York : |
| Name of publisher, distributor, etc | Bailliere Tindall, 2009 |
| Date of publication, distribution, etc | 2009 |
| 263 ## - PROJECTED PUBLICATION DATE | |
| Projected publication date | 0908 |
| 300 ## - PHYSICAL DESCRIPTION | |
| Extent | 594 p. ; |
| Dimensions | 15 cm. |
| 504 ## - BIBLIOGRAPHY, ETC. NOTE | |
| Bibliography, etc | Includes bibliographical references and index. |
| 505 0# - FORMATTED CONTENTS NOTE | |
| Formatted contents note | Nutrition -- Resuscitation -- Medicines and their control -- The legal and professional framework of nursing -- Standards of conduct, performance, and ethics -- Useful addresses -- Degrees, diplomas, and organizations : abbreviations in nursing and health care -- Units of measurement and tables of normal values -- Immunization and vaccinations -- Occupational health and safety -- Nursing on the Internet -- Infection control -- Practice development -- Clinical governance. |
| 650 #0 - SUBJECT ADDED ENTRY--TOPICAL TERM | |
| Topical term or geographic name as entry element | Nursing |
| Form subdivision | Dictionaries. |
| 9 (RLIN) | 12196 |
| 650 #0 - SUBJECT ADDED ENTRY--TOPICAL TERM | |
| Topical term or geographic name as entry element | Medicine |
| Form subdivision | Dictionaries. |
| 9 (RLIN) | 12197 |
| 650 12 - SUBJECT ADDED ENTRY--TOPICAL TERM | |
| Topical term or geographic name as entry element | Medicine |
| Form subdivision | Dictionary |
| General subdivision | English. |
| 9 (RLIN) | 12198 |
| 650 22 - SUBJECT ADDED ENTRY--TOPICAL TERM | |
| Topical term or geographic name as entry element | Nursing |
| Form subdivision | Dictionary |
| General subdivision | English. |
| 9 (RLIN) | 12199 |
| 700 1# - ADDED ENTRY--PERSONAL NAME | |
| Personal name | Weller, Barbara F. |
| Fuller form of name | (Barbara Fiona) |
| 9 (RLIN) | 12200 |
| 942 ## - ADDED ENTRY ELEMENTS (KOHA) | |
| Source of classification or shelving scheme | Dewey Decimal Classification |
| Item type | Reference (NB) |
| Withdrawn status | Item status | Source of classification or shelving scheme | Damaged status | Not for loan | Vendor | Home library | Current library | Shelving location | Date acquired | Source of acquisition | Cost, normal purchase price | Serial Enumeration / chronology | Total Checkouts | Full call number | Barcode | Date last seen | Koha item type | Date last borrowed |
|---|---|---|---|---|---|---|---|---|---|---|---|---|---|---|---|---|---|---|
| Dewey Decimal Classification | Academic Bookshop | Central Library | Central Library | Ground Floor | 03/03/2010 | 47.95 | 3698 | 610.7303 NUR | 000019413 | 15/07/2025 | Reference (NB) | |||||||
| Dewey Decimal Classification | Academic Bookshop | Central Library | Central Library | First floor | 03/03/2010 | 47.95 | 3698 | 1 | 610.7303 NUR | 000019414 | 15/07/2025 | NB - Book (Non borrowing) | 03/06/2010 |